| 000 | 00546nam a2200193Ia 4500 | ||
|---|---|---|---|
| 003 | GCL | ||
| 008 | 140319s9999 xx 000 0 ara d | ||
| 040 |
_aGCL / _cGCL |
||
| 082 | 0 | 4 |
_a751.45 _bج ر |
| 100 | 1 | _aجوزيف عبود كبة | |
| 245 | 1 | 0 |
_aالرسم الزيتى للمتقدمين / _cجوزيف عبود كبة |
| 300 | _a48 ص | ||
| 490 |
_aسلسلة تعليم الرسم _v0 |
||
| 650 | 0 | 4 | _aالرسم |
| 650 | 0 | 4 | _aالتلوين |
| 650 | 0 | 4 | _aالتصوير |
| 650 | 0 | 4 | _aالتصوير الزيتى |
| 942 |
_2ddc _cBK |
||
| 999 |
_c44009 _d44009 |
||